| 000 | 00523nam a2200193 a 4500 | ||
|---|---|---|---|
| 001 | BRCA_2896 | ||
| 005 | 20190320204023.0 | ||
| 008 | 111208s1844----mx-a---###---#000-0#spa-u | ||
| 050 | 4 |
_aF1211.F6 _b.F67 1844 |
|
| 100 | 1 |
_aFossey, Mathieu de _98064 |
|
| 245 | 1 | 0 |
_aViage a Mejico _cpor Mathieu de Fossey. |
| 260 |
_aMejico _bI. Cumplido _c1844 |
||
| 300 |
_a363 p. _bil. _c20 cm. |
||
| 500 | _aB31 | ||
| 650 | 1 | 4 |
_aViajeros franceses _97982 |
| 651 | 4 |
_aMéxico _xDescripción y viajes _9103 |
|
| 902 | _aGFM | ||
| 942 |
_2lcc _cB |
||
| 999 |
_c2635 _d2635 |
||